书目信息 |
| 题名: |
读懂生命密码
|
|
| 作者: | 野田春彦 著 ;戴显声 译 | |
| 分册: | ||
| 出版信息: | 北京 科学出版社 2006.11 |
|
| 页数: | 200页 | |
| 开本: | 21cm | |
| 丛书名: | 体验新科学系列 | |
| 单 册: | ||
| 中图分类: | Q1-0 | |
| 科图分类: | ||
| 主题词: | 生命--科学 | |
| 电子资源: | ||
| ISBN: | 7-03-015270-0 | |
| 000 | 00719 nam 000241 | |
| 001 | 012000000885 | |
| 005 | 20070902093127.08 | |
| 010 | @a7-03-015270-0@dCNY19.00 | |
| 100 | @a20070715d2006 em y0chiy0121 ea | |
| 101 | @achi | |
| 102 | @aCN@b110000 | |
| 105 | @ay z 000yy | |
| 200 | 10 | @a读懂生命密码@9dou dong shen ming mi ma@e新生物学的惊喜发现@f(日)野田春彦著@F( ri ) ye tian chun yan zhu@g戴显声译@Gdai xian shen yi |
| 210 | @a北京@c科学出版社@d2006.11 | |
| 215 | @a200页@d21cm | |
| 225 | @a体验新科学系列 | |
| 606 | @a生命@x科学 | |
| 690 | @aQ1-0@v4 | |
| 701 | 0 | @a野田春彦@9ye tian chun yan@4著 |
| 702 | @a戴显声@9dai xian shen@4译 | |
| 801 | @aCN@c20070902 | |
| 901 | @a000001 | |
| 905 | @dQ1-0@eY412 | |
| 读懂生命密码:新生物学的惊喜发现/(日)野田春彦著/戴显声译.-北京:科学出版社,2006.11 |
| 200页;21cm.-(体验新科学系列) |
| ISBN 7-03-015270-0:CNY19.00 |
| ● |
| 相关链接 |
|
|
|
正题名:读懂生命密码
索取号:Q1-0/Y412
 
预约/预借
| 序号 | 登录号 | 条形码 | 馆藏地/架位号 | 状态 | 备注 |
| 1 | 642494 | 206424948 | 自科库401/401自科库 24排4列4层/ [索取号:Q1-0/Y412] | 在馆 | |
| 2 | 642495 | 206424957 | 自科库401/401自科库 24排4列4层/ [索取号:Q1-0/Y412] | 在馆 |